MULTICENTRIC STUDY TO ESTABLISH EPIDEMOLOGICAL (Record no. 21758)

MARC details
000 -LEADER
fixed length control field 00296nam a22001337a 4500
003 - CONTROL NUMBER IDENTIFIER
control field SGT
082 ## - DEWEY DECIMAL CLASSIFICATION NUMBER
Classification number 614.44
Item number M07S
100 ## - MAIN ENTRY--PERSONAL NAME
Personal name SRIVASTAVA,R.K.
245 ## - TITLE STATEMENT
Title MULTICENTRIC STUDY TO ESTABLISH EPIDEMOLOGICAL
260 ## - PUBLICATION, DISTRIBUTION, ETC. (IMPRINT)
Name of publisher, distributor, etc WHO
300 ## - PAGE DESCRIPTION
No. of Pages 132
650 ## - SUBJECT ADDED ENTRY--TOPICAL TERM
Topical term or geographic name as entry element COMMUNITY MEDICINE
942 ## - ADDED ENTRY ELEMENTS (KOHA)
Source of classification or shelving scheme Dewey Decimal Classification
Koha item type Books
Holdings
Withdrawn status Lost status Source of classification or shelving scheme Damaged status Not for loan Collection code Home library Current library Date acquired SGTU Total Checkouts Full call number Accession No. (Barcode) Date last seen Bill Date Koha item type
    Dewey Decimal Classification     MEDICAL SGT Medical Library SGT Medical Library 02/09/2021 SGTU   614.44 M07S FM12528 02/09/2021 02/09/2021 Books